000 00226nam a22000857a 4500
008 160916b xxu||||| |||| 00| 0 eng d
100 _9607
_aKhattri.S.
245 _aEnglish Grammer-4
260 _aNew Delhi
_b Bookma Publications
_c2012
999 _c3265
_d3265